000 00703nam a2200205Ia 4500
003 Ost
005 20260507075213.0
008 260507s9999||||xx |||||||||||||| ||und||
020 _a9789953524405
040 _cfsecg
041 _aara
082 _a346.91566
100 _aحنا، بدوي
_eمؤلف
245 0 _aالتمثيل التجاري :
_bاجتهادات و نصوص قانونية /
_c بدوي حنا
260 _aبيروت:
_bمنشورات الحلبي الحقوقية,
_c2009
300 _a287 صفحة؛
_c24 سم
520 _aنصوص و اجتهادات في التمثيل التجاري .
653 _aالقانون التجاري ــ لبنان
942 _cكتاب
999 _c43481
_d43481